| 000 | 00411 a2200157 4500 | ||
|---|---|---|---|
| 001 | 56045 | ||
| 082 | _a621.4021 CEN | ||
| 090 |
_c34716 _d34716 |
||
| 100 | _aCengal, Yunus A. | ||
| 245 | _aThermodynamics; an engineering approach, 5th Ed + CD | ||
| 250 | _a5 | ||
| 260 |
_aBoston _bMcGraw-Hill Higher Education _c2006 |
||
| 300 | _axxxvi, 988 p. | ||
| 500 | _aBE Aerospace textbook | ||
| 505 | _aCD/DVD | ||
| 942 |
_aNUST-CAE _k621.4021 CEN |
||
| 999 |
_c291118 _d291118 |
||